00346nam a2200145Ia 4500008004100000020001000041040001600051041001200067082001800079100001700097245002200114250001200136260003400148300001800182230917s9999||||xx |||||||||||||| ||und|| cRS150 e24820aMAIN aEnglish a005.432 M896W aMukhi, Vijay 0aWorking with unix aIst ed. aNew DelhibPublicationsc1996 axviii, 523 p.